00387nam a2200145Ia 4500008004100000040001900041041001200060082001700072100001600089245003800105260004400143300002100187650002300208850001000231131103s9999 xx 000 0 und d aLoreto College aEnglish aF/YERbLCLIB aYerby,Frank 2aA Women called FancycFrank Yerby aMelbournebWilliam Heinemann Ltd.c1952 a332 p. c 20 cm. aFiction in English aLCLIB